| 000 | 01004nam a2200289 i 4500 | ||
|---|---|---|---|
| 005 | 20260622165237.0 | ||
| 008 | 260521t20242024my ado gr a001 0 eng d | ||
| 020 |
_a9789835221194 _cRM60.00 _qpaperback |
||
| 040 |
_aPPAK _beng _cPPAK _erda |
||
| 082 | 0 | 4 |
_223 _a333.794 |
| 090 | 0 | 0 |
_a333.794 _bTEC _dG |
| 245 | 0 | 0 |
_aTECHNICAL ENHANCEMENT FOR RENEWABLE ENERGY UTILISATION / _cEDITOR MOHD FAIZAL HASAN |
| 250 | _aFirst Edition 2024 | ||
| 264 | 1 |
_aJohor Bahru, Johor : _bPENERBIT UTM PRESS, _c2024 |
|
| 264 | 4 | _c©2024 | |
| 300 |
_ax,105 pages : _billustrations, charts, photographs ; _c25 cm |
||
| 336 |
_atext _2rdacontent |
||
| 337 |
_aunmediated _2rdamedia |
||
| 338 |
_avolume _2rdacarrier |
||
| 504 | _aIncludes bibliographical references and index. | ||
| 650 | 1 | 0 | _aRenewable energy sources |
| 650 | 2 | 0 | _aElectric power production |
| 650 | 2 | 0 | _aEcology |
| 650 | 2 | 0 |
_aGovernment publications _zMalaysia |
| 700 | 0 |
_aMohd Faizal Hasan, _eeditor. |
|
| 942 |
_2ddc _cB |
||
| 999 |
_c204397 _d204397 |
||